| 000 | 00608nam a22001937a 4500 | ||
|---|---|---|---|
| 003 | PILC | ||
| 005 | 20150528144235.0 | ||
| 008 | 150528b xxu||||| |||| 00| 0 eng d | ||
| 020 | _a9781843346241 | ||
| 050 |
_aHD 30.2 _b.Af258 2012 |
||
| 100 | _aAfzal, Waseem. | ||
| 245 |
_aManagement of information organization / _cAfzal, Waseem. |
||
| 260 |
_aNew Delhi : _bChandos Publishing, _c2012 |
||
| 300 |
_axix, 159 pages : _billustartions ; _c23 cm. |
||
| 500 | _aIncludes bibliographical reference and index. | ||
| 650 | _aKnowledge management. | ||
| 650 | _aInformation retrieval. | ||
| 942 |
_2lcc _cBK _kFOR |
||
| 999 |
_c284487 _d284487 |
||